Highest Elevated Island Countries - Statistics

General Stats
  • This quiz has been taken 31 times
  • The average score is 13 of 15
Answer Stats
Elevation (ft) Answer % Correct
1,437 Japan
97%
354 Cuba
93%
1,391 Dominican Republic
93%
1,204 Indonesia
93%
1,450 Madagascar
93%
1,273 New Zealand
93%
1,827 Iceland
90%
1,450 Philippines
90%
748 Sri Lanka
90%
3,773 Taiwan
90%
1,568 Brunei
87%
1,115 Jamaica
87%
2,188 Papua New Guinea
83%
387 Ireland
80%
1,306 Vanuatu
40%
No matching quizzes found
Score Distribution
Percent of People with Each Score
Percentile by Number Answered
Your Score History
You have not taken this quiz